Central Library OPAC University of Rajshahi
Normal view MARC view

Entry Topical Term

Number of records used in: 2

001 - CONTROL NUMBER

  • control field: 6564

003 - CONTROL NUMBER IDENTIFIER

  • control field: BD-RjUL

005 - DATE AND TIME OF LATEST TRANSACTION

  • control field: 20230114164924.0

008 - FIXED-LENGTH DATA ELEMENTS

  • fixed length control field: 230114|| aca||aabn | a|a d

040 ## - CATALOGING SOURCE

  • Original cataloging agency: BD-RjUL
  • Transcribing agency: BD-RjUL

150 ## - HEADING--TOPICAL TERM

  • Topical term or geographic name entry element: Shīʻah
  • Form subdivision: Controversial literature

670 ## - SOURCE DATA FOUND

  • Source citation: Work cat.: (BD-RjUL)81067: الندوي، ابو الحسن علي، Al-Nadawi, Abu Al-Hassan Ali. 1913-1999 6389, صورتان متضادتان /suratan mutadadatan /, 1985